00528nam a2200181 a 45000010010000000030011000100080041000210350026000620820014000881000021001022450039001232600034001626500013001969420012002099520090002219980020003119990015003310000-8947ELIB.Books110520 1994  a(ELIB.Books)0000-9095 a230 bSho aShorter, Aylward aToward a Theology of Inculturation bMaryknoll: Orbis Books c1994 aTheology 2ddccBK 00102ddc4070aKBTSbKBTSd2011-05-20l0p3742r2022-01-22 00:00:00w2022-01-22yBK cbate2011-05-20 c8947d8947